La Costa de la Muerte en la novela olvidada de un sevillano / (Record no. 175570)

MARC details
000 -LEADER
campo de control de longitud fija 00633nam a22001815i 4500
001 - NÚMERO DE CONTROL
campo de control 175570
003 - IDENTIFICADOR DE NÚMERO DE CONTROL
campo de control ES-MaACL
005 - FECHA Y HORA DE LA ÚLTIMA TRANSACCIÓN
campo de control 20230906215845.0
008 - DATOS DE LONGITUD FIJA--INFORMACIÓN GENERAL
campo de control de longitud fija 101108s1991 sp |||| | spa d
080 ## - NÚMERO DE LA CLASIFICACIÓN DECIMAL UNIVERSAL
Número de la Clasificación Decimal Universal 821.134.2 Más, José 1.06
100 1# - ENTRADA PRINCIPAL--NOMBRE DE PERSONA
Nombre de persona Linage Conde, Antonio.
9 (RLIN) 72322
245 13 - MENCIÓN DEL TÍTULO
Título La Costa de la Muerte en la novela olvidada de un sevillano /
Mención de responsabilidad, etc. por Antonio Linage Conde.
260 ## - PUBLICACIÓN, DISTRIBUCIÓN, ETC.
Lugar de publicación, distribución, etc. Pontevedra :
Nombre del editor, distribuidor, etc. Museo de Pontevedra,
Fecha de publicación, distribución, etc. [1991]
300 ## - DESCRIPCIÓN FÍSICA
Extensión P. 745-753 ;
Dimensiones 21 cm.
595 ## -
-- Separata de: El Museo de Pontevedra, t. 45.
600 14 - PUNTO DE ACCESO ADICIONAL DE MATERIA--NOMBRE DE PERSONA
Nombre de persona Más, José-
Subdivisión general Crítica e interpretacion.
9 (RLIN) 143858
852 ## - LOCALIZACIÓN
Ubicación ES-MaACL
Número de control de estantería 2303-F-2
Holdings
Estatus retirado Estado de pérdida Estado de daño No para préstamo Colección Biblioteca de origen Biblioteca actual Ubicación en estantería Fecha de adquisición Fuente de adquisición Total de préstamos Signatura topográfica completa Código de barras Visto por última vez Precio de reemplazo Tipo de ítem Koha
        Colección de folletos Biblioteca del Ateneo de Madrid Biblioteca del Ateneo de Madrid Depósito folletos 08/11/2010     2303-F-2 1184352 23/02/2023 23/02/2023 Folleto